| 000 | 00965nam a2200277Ia 4500 | ||
|---|---|---|---|
| 003 | OSt | ||
| 005 | 20221005092636.0 | ||
| 006 | a|||||r|||| 00| 0 | ||
| 007 | ta | ||
| 008 | 221004b |||||||| |||| 00| 0 eng d | ||
| 020 |
_a9781442233072 (pbk) _c2380.59 |
||
| 024 | _a15148 | ||
| 037 |
_b7020, 13/08/2014, Friends Publications (India) _cTextual |
||
| 040 |
_aCRL _cCRL _beng |
||
| 041 |
_2eng _aeng |
||
| 082 | _aS1:86, Q4 | ||
| 100 |
_aRaynaud Jean Philippe Ed. _9617613 |
||
| 245 | 0 | _aFrom research to practice in child and adolescent mental health | |
| 260 |
_aNew York _bRowman & Littlefield U.S.A _c2014 |
||
| 300 |
_axv, 256p. _ccm. |
||
| 650 | _aPSYCHOLOGY | ||
| 700 |
_a Gau Susan Shur - Fen Ed. _9617614 |
||
| 700 |
_a Hodes Matthew Ed. _9617615 |
||
| 942 |
_hS1:86, Q4 _cTEXL _2cc |
||
| 999 |
_c999135 _d999135 |
||